000 00321nam a2200133Ia 4500
005 20260328104325.0
008 260328s9999||||xx |||||||||||||| ||und||
100 _aCalatrava, Juan
245 0 _aSchinkel; Werner Szambien /
_cJuan Calatrava
260 _bAkal
300 _a159 p.
650 _aARQUITECTURA
942 _cBK
999 _c11492
_d11492